000 01119cam a2200289 4500
008 #DATE n2001 000 0 eng u
020 _a0922154678
035 _a(Sirsi) u115226
041 _aeng
050 _a333.3320973
_c18
110 _aAppraisal Institute
_92987
245 4 _aThe appraisal of real estate
250 _a12th ed.
260 _aChicago, Illinois
_bAppraisal Institute
_c2001
300 _aviii, 759p.
_c24cm.
350 _a65
520 _aAn American text which provides the reader with a solid foundation on which to build a broad understanding of real property valuation. Looks at emerging issues such as the impact of automated valuation models on the appraisal industry, and the new emphasis on extraordinary assumptions and hypothetical conditions in recent revisions of standards of professional practice.
650 _aPROPERTY VALUATION
650 _aPROPERTY
650 _aAPPRAISAL
650 _aREAL ESTATE
650 _aUNITED STATES
650 _aValuation
_96273
650 _aUNITED STATES
690 _aPROPERTY-PROPERTY APPRAISAL AND VALUATION
942 _n0
999 _c101739
_d101739